000 01590nam a2200457 i 4500
001 43140
003 KOSZ 005
005 20240405063141.0
008 020717s2002 pl a f |000 0 pol
015 _aPB 2002/11953
020 _a8385369597
035 _a(OCoLC)749252172
040 _aWA N
_cWA N
_dKOSZ 005/HR
041 0 _apol
_beng
046 _k2002
080 _a316.334.55(438)
080 _a316.32(438)
245 0 0 _aSamoorganizacja w społecznościach wiejskich :
_bprzejawy, struktury, zróżnicowania /
_cpod red. nauk. Marii Wieruszewskiej ; Polska Akademia Nauk. Instytut Rozwoju Wsi i Rolnictwa.
260 _aWarszawa :
_bIRWiR. PAN,
_c2002.
300 _a309, [1] s., [8] s. tabl. kolor. :
_bil. ;
_c23 cm.
336 _2rdacontent
_aTekst
_btxt
337 _2rdamedia
_aBez urządzenia pośredniczącego
_bn
338 _2rdacarrier
_aWolumin
_bnc
380 _aKsiążki
380 _aPublikacje naukowe
388 _a2001-
504 _aBibliogr.
546 _aStreszcz. ang.
658 _aSocjologia i społeczeństwo
650 4 _aSocjologia
648 4 _a1901-2000
651 4 _aPolska
648 4 _a1989-2000
650 4 _aSpołeczności lokalne
650 4 _aWsie
650 4 _aSpołeczeństwo obywatelskie
700 1 _aWieruszewska, Maria
_d(1943- ).
_eRedakcja
710 2 _aInstytut Rozwoju Wsi i Rolnictwa (Polska Akademia Nauk)
856 _uhttp://koha.tu.koszalin.pl/cgi-bin/koha/opac-detail.pl?biblionumber=43140
_yKatalog online BPK
942 _2UKD
_cKS
999 _c43140
_d43140